| 000 | 00760nmc a2200265 a 4500 | ||
|---|---|---|---|
| 003 | AR-BaBNM | ||
| 005 | 20251128204326.0 | ||
| 008 | 067019s1990 ||||||||||||||000 | spa|| | ||
| 020 | _a950-582-189-1 | ||
| 040 | _cAR-BaBNM | ||
| 100 | 1 | _aGagneten, María Mercedes | |
| 245 | 1 | 0 | _aHacia una metodología de sistematización de la práctica |
| 260 |
_aBuenos Aires _bHumanitas _c1990 |
||
| 300 | 0 |
_a111 p. _bdiagr. |
|
| 490 | 0 | _aGuidance | |
| 500 | 0 | _aMSP: METODO DE SISTEMATIZACION DE LA PRACTICA | |
| 650 | 4 | _aTRABAJO SOCIAL | |
| 650 | 4 | _aPRACTICA | |
| 650 | 4 | _aTRABAJADORES SOCIALES | |
| 650 | 4 | _aMETODOS EXPERIMENTALES | |
| 650 | 4 | _aMETODOS DE INVESTIGACION | |
| 800 | 1 |
_aSierra de Villaverde, Sela _edirector |
|
| 942 | _cBK | ||
| 998 | _cSILVI | ||
| 999 |
_c7032 _d7032 |
||